000 00545nam a2200181Ia 4500
008 240729s9999 xx 000 0 und d
022 _a2053-6631
245 0 _aEuropean Medical Journal Hematology
260 _aUnited Kingdom
260 _bEuropean Medical Journal
650 _a Diseases of the blood and blood-forming organs
650 _a Internal medicine
650 _a Specialties of internal medicine
650 _aMedicine
856 _uhttps://doaj.org/toc/a9bad4b538bd4172811388ce8bcb09c5
942 _2ddc
942 _cDOAJEJ
999 _c68725
_d68725
945 _a1
_bMadushi Gamage
_c1
_dMadushi Gamage